Dictionary of Egyptian civilization /

Bibliographic Details
Main Author: Posener, Georges
Format: Book
Language:English
French
Published: New York : Tudor Pub. Co., [1959]
Subjects:

MARC

Tag First Indicator Second Indicator Subfields
LEADER 00000cam a2200000 4500
001 in00000282987
005 20151010090931.0
008 720922s1959 nyuab d 00000 eng d
010 |a  61015514  
035 |a (OCoLC)00412812 
035 |9 ABG4996AM 
040 |c WSU  |d TXA  |d UtOrBLW 
041 1 |a eng  |a fre 
049 |a TXAM  |c 1 [364657]  |c 2 [417182]  |c 3 [905794] 
090 |a DT58  |b .P653 1959 
100 1 |a Posener, Georges. 
245 1 0 |a Dictionary of Egyptian civilization /  |c With the assistance of Serge Sauneron and Jean Yoyotte. [Translated from the French]. 
264 1 |a New York :  |b Tudor Pub. Co.,  |c [1959] 
300 |a 323 pages :  |b illustrations (part color) maps (part color) ;  |c 22 cm. 
336 |a text  |b txt  |2 rdacontent 
337 |a unmediated  |b n  |2 rdamedia 
338 |a volume  |b nc  |2 rdacarrier 
650 0 |a Egyptology  |x Dictionaries. 
651 0 |a Egypt  |x Civilization  |x Dictionaries. 
999 |a MARS 
999 f f |s e4edbecd-d865-3d47-bf6e-622a184a0277  |i 6510f898-60ac-3319-9be6-9d762f224b21  |t 0 
952 f f |p ric  |a Texas A&M University  |b Rellis Campus  |c Joint Library Facility  |d Remote Storage  |t 0  |e DT58 .P653 1959  |h Library of Congress classification  |i unmediated -- volume  |m A14802086164 
998 f f |a DT58 .P653 1959  |t 0  |l Remote Storage